MARC

LEADER 00000nas a2200000 a 4500
001 ssj0007311
003 WaSeSS
005 20200512172242.0
006 m d
007 cr n
008 980930c19679999gw bx pss 0 a0eng c
010 |a  2004233557 
016 7 |a 013089273  |2 Uk 
022 |a 1432-0592  |l 0570-1864  |y 0570-1864 
035 |a (WaSeSS)ssj0007311 
037 |b Springer-Verlag New York Inc., Service Center, Secaucus, 44 Hartz Way, Secaucus, NJ 07094 
040 |a PIT  |b eng  |e pn  |c PIT  |d OCL  |d OCLCQ  |d TWT  |d GUA  |d OCLCQ  |d MUQ  |d OCL  |d CIT  |d OCLCQ  |d UKMGB  |d OCLCQ  |d OCLCF  |d OCLCO  |d OCLCQ  |d OCLCE  |d FJM  |d WT2  |d OCLCQ  |d AU@  |d VT2  |d DLC  |d U3W  |d NJT  |d OCLCQ  |d WaSeSS 
042 |a pcc 
050 0 0 |a HT390 
082 0 4 |a 309.2505 
130 0 |a Annals of regional science (Online) 
245 1 4 |a The annals of regional science  |h [electronic resource]. 
260 |a Heidelberg :  |b Springer-Verlag Heidelberg 
310 |a Six no. a year,  |b 2010- 
321 |a Four no. a year 
362 1 |a Print began in 1967. 
500 |a "An international journal of urban, regional and environmental research and policy." 
506 |a License restrictions may limit access. 
515 |a Some nos. combined. 
538 |a Mode of access: World Wide Web. 
550 |a Official journal of the Western Regional Science Association. 
588 0 |a Vol. 31, no. 1 (May 1997); title from contents screen (Springer LINK, viewed Apr. 15, 2004). 
588 1 |a Vol. 62, no. 1 (Feb. 2019) (SpringerLink website, viewed Feb. 5, 2019). 
650 0 |a Regional planning  |v Periodicals. 
650 0 |a City planning  |v Periodicals. 
650 6 |a Aménagement du territoire  |v Périodiques. 
650 6 |a Urbanisme  |v Périodiques. 
650 7 |a City planning.  |2 fast  |0 (OCoLC)fst00862177 
650 7 |a Regional planning.  |2 fast  |0 (OCoLC)fst01093120 
650 1 7 |a Regionale economie.  |2 gtt 
650 0 7 |a REGIONAL PLANNING.  |2 unbist 
650 0 7 |a URBAN AREAS.  |2 unbist 
655 0 |a Electronic journals. 
710 2 |a Western Regional Science Association. 
776 0 8 |i Print version:  |t Annals of regional science  |x 0570-1864  |w (DLC) 68066304  |w (OCoLC)1036033 
850 |a DLC 
856 4 0 |z Full text available from Research Library: 05/01/1997 to 1 year ago  |u https://search.proquest.com/publication/30287